MAXILLARY SINUS LIFT TECHNIQUES (Record no. 19036)

MARC details
000 -LEADER
fixed length control field 00315nam a22001337a 4500
003 - CONTROL NUMBER IDENTIFIER
control field SGT
082 ## - DEWEY DECIMAL CLASSIFICATION NUMBER
Classification number 617.643
Item number M18K
100 ## - MAIN ENTRY--PERSONAL NAME
Personal name KUMARI, PREETI
245 ## - TITLE STATEMENT
Title MAXILLARY SINUS LIFT TECHNIQUES
260 ## - PUBLICATION, DISTRIBUTION, ETC. (IMPRINT)
Place of publication, distribution, etc DELHI NCR
Name of publisher, distributor, etc SGT UNIVERSITY GURUGRAM
Year of Publication 2018
300 ## - PAGE DESCRIPTION
No. of Pages 1-69
650 ## - SUBJECT ADDED ENTRY--TOPICAL TERM
Topical term or geographic name as entry element ORAL SURGERY
942 ## - ADDED ENTRY ELEMENTS (KOHA)
Source of classification or shelving scheme Dewey Decimal Classification
Koha item type Thesis/Dissertation
Holdings
Withdrawn status Lost status Source of classification or shelving scheme Damaged status Not for loan Home library Current library Shelving location Date acquired Vendor Name SGTU Total Checkouts Full call number Accession No. (Barcode) Date last seen Bill Date Koha item type
    Dewey Decimal Classification     SGT Dental Library SGT Dental Library Reference Book 09/09/2019 PERFECT BOOK BINDING HOUSE SGTU   617.643 M18K DT505 09/09/2019 09/09/2019 Thesis/Dissertation